सामाजिक अध्ययन और शिक्षण शास्त्र: (Record no. 203963)
[ view plain ]
| 000 -LEADER | |
|---|---|
| fixed length control field | 00897nam a22002057a 4500 |
| 005 - DATE AND TIME OF LATEST TRANSACTION | |
| control field | 20240704145451.0 |
| 010 ## - LCCN (DPL NO) | |
| LC control number | HIN-127941 |
| 020 ## - INTERNATIONAL STANDARD BOOK NUMBER | |
| International Standard Book Number | 9789355324511 |
| Terms of availability | 475.00 |
| 035 ## - SYSTEM CONTROL NUMBER | |
| System control number | HN-100287 |
| 037 ## - SOURCE OF ACQUISITION | |
| Source of stock number/acquisition | DBAD |
| 082 ## - DEWEY DECIMAL CLASSIFICATION NUMBER | |
| Classification number | 300 |
| 100 ## - MAIN ENTRY--PERSONAL NAME | |
| Personal name | सिंह, उमराव |
| 245 ## - TITLE STATEMENT | |
| Title | सामाजिक अध्ययन और शिक्षण शास्त्र: |
| Remainder of title | (वर्ग: VI-VIII)/ |
| Statement of responsibility, etc | उमराव सिंह और संगीता कौशिक |
| 250 ## - EDITION STATEMENT | |
| Edition statement | चतुर्थ |
| 260 ## - PUBLICATION, DISTRIBUTION, ETC. (IMPRINT) | |
| Place of publication, distribution, etc | Chennai |
| Name of publisher, distributor, etc | McGraw Hill Education (India) Private Limited |
| Date of publication, distribution, etc | 2023 |
| 270 ## - ADDRESS | |
| Address | Anjana Complex No: 5/90 A, Butt Road, |
| -- | St. Thomas Mount, |
| City | Chennai |
| Postal code | 600016 |
| 300 ## - PHYSICAL DESCRIPTION | |
| Extent | विभिन्न पृष्ट |
| Dimensions | 24 सेमी (अजिल्द) |
| 700 ## - ADDED ENTRY--PERSONAL NAME | |
| Personal name | कौशिक, संगीता |
| 9 (RLIN) | 68147 |
| 942 ## - ADDED ENTRY ELEMENTS (KOHA) | |
| Institution code [OBSOLETE] | dpl |
| Item type | Hindi Books |
| Source of classification or shelving scheme | Dewey Decimal Classification |
| Classification part | 300 |
| Call number suffix | उमरा |
| Withdrawn status | Lost status | Not for loan | Collection code | Home library | Current library | Date acquired | Source of acquisition | Cost, normal purchase price | Full call number | Barcode | Copy number | Cost, replacement price | Koha item type |
|---|---|---|---|---|---|---|---|---|---|---|---|---|---|
| Non-fiction | New Police Line | New Police Line | 04/07/2024 | DBAD | 475.00 | 300 उमरा | HN-100287 | 1 | 475.00 | Hindi Books |
